[Event "Championnat de France des Jeunes - Juni"]
[Site "TROYES"]
[Date "2010.04.15"]
[Round "6.1"]
[White "Demuth, Adrien"]
[Black "Delorme, Axel"]
[Result "1/2-1/2"]
[WhiteElo "2398"]
[BlackElo "2429"]
[PlyCount "0"]

1. c4 e5 2. Nc3 Bb4 3. e4 Nc6 4. Nf3 d6 5. Be2 a5 6. O-O Bc5 7. d3 Nge7 8. Be3
Nd4 9. Bg5 f6 10. Bh4 Nxe2+ 11. Qxe2 Bg4 12. h3 Bh5 13. Nd5 Nxd5 14. cxd5 g5
15. g4 Bg6 16. Bg3 h5 17. Kg2 Qd7 18. Nd2 a4 19. Rac1 Bd4 20. Nc4 c6 21. dxc6
bxc6 22. f3 d5 23. Ne3 1/2-1/2

[Event "Championnat de France des Jeunes - Juni"]
[Site "TROYES"]
[Date "2010.04.15"]
[Round "6.2"]
[White "Migot, Tangi"]
[Black "Valles, Manuel"]
[Result "1-0"]
[WhiteElo "2195"]
[BlackElo "2242"]
[PlyCount "57"]

1. e4 c5 2. Nf3 Nc6 3. d4 cxd4 4. Nxd4 Nf6 5. Nc3 e5 6. Ndb5 d6 7. Bg5 a6 8.
Na3 b5 9. Nd5 Be7 10. Bxf6 Bxf6 11. c4 b4 12. Nc2 a5 13. Be2 Bg5 14. O-O O-O
15. Qd3 Be6 16. Rfd1 Bxd5 17. cxd5 Nb8 18. Ne3 Bxe3 19. Qxe3 Nd7 20. Rac1 Nc5
21. Rxc5 dxc5 22. d6 Qb6 23. Bc4 Rfd8 24. Qd3 Rab8 25. f4 exf4 26. e5 Rb7 27.
Qf5 Kh8 28. Kh1 Qa7 29. Rf1 1-0

[Event "Championnat de France des Jeunes - Juni"]
[Site "TROYES"]
[Date "2010.04.15"]
[Round "6.3"]
[White "Younes, Jean-Francois"]
[Black "Blum, Nicolas"]
[Result "0-1"]
[WhiteElo "1777"]
[BlackElo "2268"]
[PlyCount "28"]

1. d4 Nf6 2. Nc3 d5 3. Nf3 Bf5 4. Bf4 e6 5. a3 c5 6. e3 Nc6 7. Be2 Be7 8. O-O
O-O 9. Ne5 Rc8 10. Qd2 a6 11. f3 cxd4 12. exd4 Nxd4 13. Be3 Nxc2 14. Rac1 Nxe3
0-1

[Event "Championnat de France des Jeunes - Juni"]
[Site "TROYES"]
[Date "2010.04.15"]
[Round "6.4"]
[White "Stephan, Victor"]
[Black "Lemarchand, Matthieu"]
[Result "1-0"]
[WhiteElo "2244"]
[BlackElo "1833"]
[PlyCount "74"]

1. d4 Nf6 2. c4 c5 3. d5 e6 4. Nc3 exd5 5. cxd5 d6 6. e4 g6 7. h3 Bg7 8. Nf3 a6
9. a4 Nbd7 10. Bd3 Nh5 11. O-O Ne5 12. Be2 Nxf3+ 13. Bxf3 Qh4 14. Bg4 Be5 15.
Bxc8 Rxc8 16. Qg4 Qxg4 17. hxg4 Nf6 18. g5 Nd7 19. a5 Bg7 20. g3 Ne5 21. Rd1
Nf3+ 22. Kg2 Nd4 23. Bf4 Ke7 24. Na4 Nb3 25. Ra3 c4 26. Rb1 Nxa5 27. Nb6 Rc5
28. Bxd6+ Kxd6 29. Rxa5 Rxa5 30. Nxc4+ Kc5 31. Nxa5 Kb6 32. Nc4+ Kc5 33. Ne3
Kd4 34. Kf3 Rd8 35. Rh1 Rh8 36. Rc1 Be5 37. Ng4 f5 1-0

[Event "Championnat de France des Jeunes - Juni"]
[Site "TROYES"]
[Date "2010.04.15"]
[Round "6.5"]
[White "Moucheroud, Jeremy"]
[Black "Favarel, Antoine"]
[Result "1-0"]
[WhiteElo "2058"]
[BlackElo "2231"]
[PlyCount "77"]

1. e4 c5 2. Nf3 Nc6 3. d4 cxd4 4. Nxd4 Nf6 5. Nc3 e5 6. Ndb5 d6 7. Bg5 a6 8.
Na3 b5 9. Bxf6 gxf6 10. Nd5 Bg7 11. c3 f5 12. Bd3 Be6 13. Nxb5 axb5 14. Bxb5
Bd7 15. exf5 O-O 16. O-O e4 17. Re1 Rb8 18. a4 Ne5 19. f6 Bxf6 20. Nxf6+ Qxf6
21. Bxd7 Qg6 22. Re3 Kh8 23. Rg3 Qf6 24. Bb5 Qe6 25. Qd4 f5 26. f4 exf3 27.
Rxf3 Rg8 28. Raf1 Rbf8 29. Bd3 Rg7 30. Rxf5 Rfg8 31. Be4 Qg6 32. R5f2 Qg4 33.
Bd5 Qg5 34. Kh1 h5 35. Bxg8 Rxg8 36. Qxd6 Ng4 37. Qd4+ Kh7 38. Rf7+ Kh6 39. Qf4
1-0

[Event "Championnat de France des Jeunes - Juni"]
[Site "TROYES"]
[Date "2010.04.15"]
[Round "6.6"]
[White "Millon, Valentin"]
[Black "Charrais, Kevin"]
[Result "0-1"]
[WhiteElo "2080"]
[BlackElo "1888"]
[PlyCount "60"]

1. d4 d5 2. Nf3 Nf6 3. Bf4 Bf5 4. e3 e6 5. c4 c6 6. Nc3 Nbd7 7. Qb3 Qb6 8. c5
Qxb3 9. axb3 Be7 10. b4 Nh5 11. b5 Nxf4 12. exf4 O-O 13. Ne5 Nxe5 14. fxe5 f6
15. f4 fxe5 16. fxe5 Bg5 17. Be2 Be3 18. Ra4 Bc2 19. Rb4 Rf4 20. bxc6 bxc6 21.
Rf1 Rxd4 22. Rb7 Bd2+ 23. Kf2 Rf4+ 24. Kg3 Rxf1 25. Bxf1 Rf8 26. Be2 Be1+ 27.
Kh3 d4 28. Nd1 Rf5 29. Rc7 Rxe5 30. Bf3 Rxc5 0-1

[Event "Championnat de France des Jeunes - Juni"]
[Site "TROYES"]
[Date "2010.04.15"]
[Round "6.7"]
[White "Robert, Bastien"]
[Black "Roubert, Emile"]
[Result "1-0"]
[WhiteElo "2052"]
[BlackElo "1925"]
[PlyCount "79"]

1. d4 d5 2. c4 e6 3. Nf3 c5 4. g3 Nc6 5. cxd5 exd5 6. Bg2 Nf6 7. O-O Be7 8. Nc3
O-O 9. Bg5 c4 10. Ne5 Be6 11. Nxc6 bxc6 12. b3 Qa5 13. Na4 Rab8 14. e3 cxb3 15.
axb3 Qb4 16. Bxf6 gxf6 17. Qh5 Qxb3 18. Nc5 Bxc5 19. dxc5 Qb5 20. Rfc1 a5 21.
Bf1 Qb4 22. Bd3 f5 23. Bxf5 Bxf5 24. Qxf5 Rb5 25. Qg5+ Kh8 26. Qf6+ Kg8 27.
Qxc6 Qb3 28. Qa6 Qb2 29. c6 Rb6 30. Qxa5 Rc8 31. c7 Rf6 32. Qe1 Qb6 33. Rab1
Qa7 34. Qc3 Rb6 35. Rxb6 Qxb6 36. Qc6 Qxc6 37. Rxc6 Kf8 38. Kg2 Ke7 39. Kf3 Kd7
40. Rc1 1-0

[Event "Championnat de France des Jeunes - Juni"]
[Site "TROYES"]
[Date "2010.04.15"]
[Round "6.8"]
[White "Masset, Jacques"]
[Black "Morlino, Jean-Baptiste"]
[Result "1/2-1/2"]
[WhiteElo "1963"]
[BlackElo "2013"]
[PlyCount "123"]

1. e4 d6 2. d4 Nf6 3. Nc3 c6 4. Be2 Qa5 5. Qd3 e5 6. Nf3 Nbd7 7. Bd2 exd4 8.
Qxd4 Qb6 9. O-O-O Qxd4 10. Nxd4 Nc5 11. f3 Bd7 12. g4 O-O-O 13. Be3 g6 14. Bc4
Be8 15. g5 Nfd7 16. Rd2 Nb6 17. Be2 Ne6 18. Rhd1 Be7 19. f4 Kc7 20. h4 Nxd4 21.
Bxd4 Rf8 22. h5 f6 23. gxf6 Bxf6 24. e5 dxe5 25. Bxe5+ Kc8 26. Bg4+ Bd7 27.
Bxd7+ Rxd7 28. Rxd7 Nxd7 29. hxg6 Nxe5 30. fxe5 Bg5+ 31. Kb1 hxg6 32. Ne4 Be7
33. c3 g5 34. Kc2 Kc7 35. e6 Kb6 36. Rd7 Re8 37. b4 a6 38. Kd3 Rd8 39. Rxd8
Bxd8 40. Kd4 Kb5 41. Nd6+ Kb6 42. c4 Kc7 43. Nf5 Bf6+ 44. Ke4 Bc3 45. a3 b5 46.
cxb5 axb5 47. Ne3 Bb2 48. Nc2 Kd6 49. Kf5 g4 50. e7 Kxe7 51. Kxg4 Ke6 52. Kf4
Kd5 53. Kf5 Kc4 54. Ke6 Bxa3 55. Nxa3+ Kxb4 56. Nb1 c5 57. Kd5 c4 58. Kd4 Kb3
59. Nd2+ Kb4 60. Nb1 Ka4 61. Nc3+ Kb4 62. Nb1 1/2-1/2

[Event "Championnat de France des Jeunes - Juni"]
[Site "TROYES"]
[Date "2010.04.15"]
[Round "6.9"]
[White "Dubois, Pierre"]
[Black "Poey-Durut, Peio"]
[Result "1-0"]
[WhiteElo "1882"]
[BlackElo "1995"]
[PlyCount "111"]

1. e4 c6 2. d4 d5 3. Nc3 dxe4 4. Nxe4 Bf5 5. Ng3 Bg6 6. h4 h6 7. Nf3 Nd7 8. h5
Bh7 9. Bd3 Bxd3 10. Qxd3 e6 11. Bd2 Ngf6 12. O-O-O Be7 13. Kb1 O-O 14. Qe2 Qb6
15. Bc1 c5 16. Ne4 Nxe4 17. Qxe4 Nf6 18. Qe2 Nd5 19. Ka1 cxd4 20. Nxd4 Bf6 21.
Be3 Nxe3 22. Qxe3 a5 23. c3 Rfd8 24. Nc2 Qc6 25. f3 b5 26. Nd4 Qc4 27. Qe2 Bxd4
28. Qxc4 bxc4 29. cxd4 Rd5 30. Kb1 Rad8 31. Kc2 Rxd4 32. Rxd4 Rxd4 33. Kc3 e5
34. Re1 f6 35. Re4 Rd3+ 36. Kc2 Rd4 37. Kc3 Rd1 38. Re2 Rc1+ 39. Rc2 Rh1 40.
Kxc4 Rxh5 41. a4 Rh4+ 42. Kb5 Rh5 43. Kxa5 e4+ 44. Kb6 e3 45. a5 Re5 46. Re2
Re6+ 47. Kc7 Kf7 48. b4 Re7+ 49. Kc6 Re6+ 50. Kc5 Re5+ 51. Kd4 Rb5 52. Kc4 Re5
53. a6 Re7 54. b5 f5 55. b6 f4 56. a7 1-0

[Event "Championnat de France des Jeunes - Juni"]
[Site "TROYES"]
[Date "2010.04.15"]
[Round "6.10"]
[White "Durandeau, Jean-Marie"]
[Black "Fougerit, Valentin"]
[Result "1/2-1/2"]
[WhiteElo "2040"]
[BlackElo "2205"]
[PlyCount "57"]

1. e4 e5 2. Nf3 Nf6 3. Nc3 Nc6 4. d4 exd4 5. Nxd4 Bb4 6. Nxc6 bxc6 7. Bd3 h6 8.
e5 Nd5 9. Qg4 g5 10. O-O d6 11. Qe4 Rb8 12. exd6+ Be6 13. Nxd5 cxd5 14. Qe5 Kd7
15. dxc7 Qxc7 16. Qxc7+ Kxc7 17. Be3 Kb7 18. Bd4 Rhd8 19. a3 Ba5 20. b4 Bc7 21.
a4 Ka8 22. Rab1 Bd7 23. c4 dxc4 24. Be4+ Rb7 25. Bxb7+ Kxb7 26. Bc3 Bf5 27.
Rbd1 Bd3 28. Rfe1 Bd6 29. Re3 1/2-1/2

[Event "Championnat de France - Juniors Filles"]
[Site "TROYES"]
[Date "2010.04.15"]
[Round "5.1"]
[White "Vinckier, Delphine"]
[Black "Le Berre, Tennessee"]
[Result "1/2-1/2"]
[WhiteElo "1811"]
[BlackElo "1799"]
[PlyCount "62"]

1. e4 d5 2. exd5 Qxd5 3. Nc3 Qd6 4. d4 Nf6 5. Bb5+ Bd7 6. Bxd7+ Nbxd7 7. Nf3 a6
8. Qd3 h6 9. Be3 O-O-O 10. O-O-O Ng4 11. Qf5 Nxe3 12. fxe3 Qf6 13. Qxf6 exf6
14. e4 Bd6 15. g3 c5 16. d5 Ne5 17. Nxe5 Bxe5 18. Ne2 Rhe8 19. Rhe1 Kc7 20. Nf4
Kd6 21. c4 Rb8 22. b3 Re7 23. Kc2 Rbe8 24. Kd3 Bd4 25. Re2 Be5 26. Rde1 Bd4 27.
Ng2 Be5 28. Ne3 g6 29. Nc2 Rc8 30. Ne3 Rce8 31. Nc2 Rc8 1/2-1/2

[Event "Championnat de France - Juniors Filles"]
[Site "TROYES"]
[Date "2010.04.15"]
[Round "5.2"]
[White "Esposito, Julie"]
[Black "Forestier, Carole"]
[Result "0-1"]
[WhiteElo "1767"]
[BlackElo "2127"]
[PlyCount "78"]

1. d4 d5 2. c4 e6 3. Nc3 Nf6 4. Bg5 c6 5. Nf3 h6 6. Bh4 g5 7. Bg3 dxc4 8. e4 b5
9. Be2 Bb7 10. O-O Nbd7 11. Ne5 Qb6 12. f4 Rh7 13. f5 Nxe5 14. Bxe5 Nd7 15. Bg3
e5 16. Bf2 exd4 17. Bxd4 Bc5 18. Bxc5 Qxc5+ 19. Kh1 O-O-O 20. Qc2 f6 21. Rad1
Ne5 22. Nb1 Qe3 23. Rde1 Qb6 24. b3 Nd3 25. Bxd3 cxd3 26. Qc3 c5 27. e5 Qc6 28.
Rg1 fxe5 29. Qxe5 Qd5 30. Nd2 Rf7 31. Qe6+ Qxe6 32. fxe6 Rf2 33. e7 Re8 34. Ne4
Bxe4 35. Rxe4 Re2 36. Rxe2 dxe2 37. Re1 Rxe7 38. Kg1 Kd7 39. Kf2 Kd6 0-1

[Event "Championnat de France - Juniors Filles"]
[Site "TROYES"]
[Date "2010.04.15"]
[Round "5.3"]
[White "Bartolo, Alexia"]
[Black "Richard, Emma"]
[Result "0-1"]
[WhiteElo "1553"]
[BlackElo "2116"]
[PlyCount "70"]

1. e4 c5 2. Nf3 Nc6 3. d4 cxd4 4. Nxd4 e5 5. Nb5 d6 6. a4 a6 7. N5a3 Be6 8. Nc3
Nf6 9. Bc4 Rc8 10. O-O Be7 11. Re1 O-O 12. Nd5 Ne8 13. Be3 Bg5 14. Bb6 Qd7 15.
c3 Kh8 16. f3 f5 17. Rf1 f4 18. Ba2 Qf7 19. Qd2 Bh4 20. Rad1 g5 21. Bf2 Bxf2+
22. Qxf2 Rg8 23. h3 Ng7 24. Nc4 Rcd8 25. a5 Nh5 26. Rd2 Ng3 27. Rfd1 Qh5 28.
Nf6 Qh4 29. Nxg8 g4 30. Rxd6 gxh3 31. gxh3 Rxg8 32. Qe1 Nxe4+ 33. Kf1 Qxh3+ 34.
Ke2 Rg2+ 35. Kd3 Nc5# 0-1

[Event "Championnat de France - Juniors Filles"]
[Site "TROYES"]
[Date "2010.04.15"]
[Round "5.4"]
[White "Sanchez, Amelie"]
[Black "Peyre, Camille"]
[Result "1/2-1/2"]
[WhiteElo "1860"]
[BlackElo "1931"]
[PlyCount "48"]

1. d4 Nf6 2. Nf3 b6 3. g3 Bb7 4. Bg2 d5 5. O-O e6 6. c4 Bd6 7. cxd5 exd5 8. Nc3
O-O 9. Qc2 Na6 10. a3 c5 11. e3 Nc7 12. Rd1 Qe7 13. b3 Rac8 14. Bb2 Rfe8 15.
Rac1 Ne4 16. a4 Ne6 17. Qb1 cxd4 18. Nxe4 dxe4 19. Nxd4 Nxd4 20. Rxd4 Be5 21.
Rdc4 Rxc4 22. bxc4 Bxb2 23. Qxb2 Rd8 24. Qc2 Rd3 1/2-1/2

[Event "Championnat de France - Juniors Filles"]
[Site "TROYES"]
[Date "2010.04.15"]
[Round "5.5"]
[White "Langlet, Stephanie"]
[Black "Armas, Lara-Maria"]
[Result "0-1"]
[WhiteElo "1470"]
[BlackElo "2008"]
[PlyCount "84"]

1. e4 c5 2. c3 d5 3. exd5 Qxd5 4. d4 cxd4 5. Qxd4 Qxd4 6. cxd4 Nc6 7. Nf3 e6 8.
Bb5 Bd7 9. O-O Nf6 10. Nc3 a6 11. Bxc6 Bxc6 12. Ne5 Rc8 13. Nxc6 Rxc6 14. Bg5
Bb4 15. Bxf6 gxf6 16. Rac1 Ke7 17. Rc2 Bxc3 18. Rxc3 Rxc3 19. bxc3 Rc8 20. Rc1
b5 21. a3 Kd6 22. Kf1 Kd5 23. Ke2 Kc4 24. Kd2 e5 25. dxe5 fxe5 26. Rb1 Rd8+ 27.
Kc2 a5 28. f3 Rd3 29. Rb3 Rd2+ 30. Kxd2 Kxb3 31. Kd3 Kxa3 32. Kc2 b4 33. c4 b3+
34. Kb1 Kb4 35. c5 Kxc5 36. Kb2 a4 37. Kc3 Kd5 38. g4 e4 39. fxe4+ Kxe4 40. h3
Kf4 41. Kb2 Kg3 42. Ka1 Kxh3 0-1

[Event "Championnat de France - Juniors Filles"]
[Site "TROYES"]
[Date "2010.04.15"]
[Round "5.6"]
[White "Mallard, Ophelie"]
[Black "Belier, Marie"]
[Result "1-0"]
[WhiteElo "1670"]
[BlackElo "1430"]
[PlyCount "83"]

1. f4 d5 2. Nf3 c5 3. e3 Nc6 4. Bb5 a6 5. Bxc6+ bxc6 6. b3 Nf6 7. Bb2 Bg4 8. h3
Bh5 9. Bxf6 exf6 10. g4 Bg6 11. d3 f5 12. Nbd2 Qa5 13. Kf2 Bd6 14. Qe2 O-O 15.
gxf5 Bxf5 16. Nh4 Bd7 17. f5 Rfe8 18. e4 dxe4 19. Nxe4 c4 20. Qg4 Qb6+ 21. Kf1
cxd3 22. cxd3 Qe3 23. Rd1 Bc5 24. Nxc5 Qxc5 25. Rg1 Qe5 26. d4 Qf6 27. Rd2 g6
28. Rf2 c5 29. dxc5 Qa1+ 30. Kg2 Bc6+ 31. Kh2 Qe5+ 32. Qg3 Qxg3+ 33. Rxg3 Be4
34. fxg6 hxg6 35. a3 Rab8 36. b4 a5 37. Rb2 Red8 38. Re3 Rd4 39. Rc3 Bc6 40.
Nf3 Rd1 41. Ne5 Bb5 42. bxa5 1-0

[Event "Championnat de France des Jeunes - Cade"]
[Site "LE GRAND BORNAND"]
[Date "2010.04.15"]
[Round "6.1"]
[White "Dionisi, Thomas"]
[Black "Ludwig, Remi"]
[Result "1/2-1/2"]
[WhiteElo "2142"]
[BlackElo "2200"]
[PlyCount "0"]

1. e4 c5 2. Nf3 b6 3. d4 cxd4 4. Nxd4 Bb7 5. Bd3 g6 6. O-O Bg7 7. Nb3 d6 8. Qe2
Nf6 9. Nc3 O-O 10. Bd2 Nc6 11. Rae1 Re8 12. f4 e5 13. f5 gxf5 14. Rxf5 Nd4 15.
Nxd4 exd4 16. Nb5 Nxe4 17. Bf4 a6 18. Qh5 Qd7 19. Rxe4 Bxe4 20. Nxd6 Bxf5 21.
Bxf5 Re1+ 22. Kf2 Qe7 23. Qxh7+ Kf8 24. Be4 Rxe4 25. Nxe4 Rd8 26. Bg5 f6 27.
Bf4 Rd5 28. h4 Qf7 29. g4 f5 30. Nd6 Qc7 31. Qg6 Qxc2+ 32. Kg3 Qd3+ 33. Kf2
Qc2+ 34. Kg3 Qd3+ 35. Kf2 Qc2+ 36. Kg3 1/2-1/2

[Event "Championnat de France des Jeunes - Cade"]
[Site "LE GRAND BORNAND"]
[Date "2010.04.15"]
[Round "6.2"]
[White "Song, Julien"]
[Black "Dubessay, Bastien"]
[Result "0-1"]
[WhiteElo "2329"]
[BlackElo "2212"]
[PlyCount "68"]

1. d4 Nf6 2. c4 g6 3. Nc3 Bg7 4. Nf3 O-O 5. Bg5 d6 6. e3 c5 7. d5 e6 8. Nd2 h6
9. Bh4 Na6 10. Be2 exd5 11. cxd5 Nc7 12. O-O Qd7 13. Bg3 b5 14. a4 b4 15. Nce4
Nce8 16. Qc2 Nxe4 17. Nxe4 Qe7 18. Rad1 f5 19. Nd2 f4 20. Bxf4 Rxf4 21. exf4
Qxe2 22. Qxg6 Bd7 23. b3 Qe7 24. Rfe1 Qf6 25. Qg3 Bf5 26. h3 Qg6 27. Qf3 Bc3
28. Re2 Bxd2 29. Rdxd2 Nf6 30. g4 h5 31. g5 Ne4 32. Rb2 Nc3 33. Re7 Kf8 34. Re1
Re8 0-1

[Event "Championnat de France des Jeunes - Cade"]
[Site "LE GRAND BORNAND"]
[Date "2010.04.15"]
[Round "6.3"]
[White "Ollier, Pablo"]
[Black "Feryn, Alexandre"]
[Result "1/2-1/2"]
[WhiteElo "2294"]
[BlackElo "2061"]
[PlyCount "107"]

1. d4 Nf6 2. c4 g6 3. Nc3 Bg7 4. e4 d6 5. Nf3 O-O 6. Be2 e5 7. dxe5 dxe5 8.
Qxd8 Rxd8 9. Nd5 Nxd5 10. cxd5 c6 11. Bc4 b5 12. Bb3 Bb7 13. Bg5 Rd7 14. Rc1 a5
15. a3 a4 16. Ba2 b4 17. axb4 cxd5 18. Bxd5 Na6 19. Bxb7 Rxb7 20. Rc4 Rxb4 21.
Rxb4 Nxb4 22. Ke2 Nc6 23. Rc1 Na5 24. Nd2 Rb8 25. Rc5 Ra8 26. Be3 Nb7 27. Rc7
Nd8 28. Ra7 Rxa7 29. Bxa7 Ne6 30. Be3 Nf4+ 31. Kf1 Nd3 32. Nb1 Nxb2 33. Bc1 Nc4
34. Ke2 Bf8 35. Kd3 a3 36. Nc3 Na5 37. Kc2 Bc5 38. f3 Nc6 39. Nb5 Nb4+ 40. Kb3
Nd3 41. Bd2 Be7 42. Nxa3 Nc5+ 43. Kb2 Ne6 44. Nb5 Bc5 45. Kb3 Bg1 46. h3 Bh2
47. Nc3 Bf4 48. Be1 Be3 49. Ne2 f6 50. Kc4 Kf7 51. Ba5 Ke7 52. Nc3 Bd4 53. Nd5+
Kf7 54. Bb4 1/2-1/2

[Event "Championnat de France des Jeunes - Cade"]
[Site "LE GRAND BORNAND"]
[Date "2010.04.15"]
[Round "6.4"]
[White "Bertrand, Quentin"]
[Black "Massoni, Michael"]
[Result "0-1"]
[WhiteElo "2063"]
[BlackElo "2292"]
[PlyCount "68"]

1. e4 c5 2. Nf3 e6 3. d4 cxd4 4. Nxd4 Nc6 5. Nc3 Qc7 6. Be2 Nf6 7. O-O a6 8.
Kh1 Bb4 9. Nxc6 bxc6 10. f4 d5 11. e5 Nd7 12. Na4 Be7 13. c4 O-O 14. Be3 f6 15.
exf6 Rxf6 16. Rc1 Qd6 17. Bf3 Rf7 18. g3 Bb7 19. c5 Qc7 20. Bg4 Nf8 21. Bd4 Bf6
22. Re1 Re8 23. Be5 Bxe5 24. Rxe5 Rfe7 25. Qe2 Ng6 26. Rxe6 Bc8 27. Rxe7 Rxe7
28. Qf3 Bxg4 29. Qxg4 Qa5 30. b3 Qd2 31. Rd1 Qf2 32. Ra1 Re2 33. Qh3 Qf3+ 34.
Kg1 Qe3+ 0-1

[Event "Championnat de France des Jeunes - Cade"]
[Site "LE GRAND BORNAND"]
[Date "2010.04.15"]
[Round "6.5"]
[White "Duboue, Peio"]
[Black "Buscara, Sevan"]
[Result "0-1"]
[WhiteElo "1986"]
[BlackElo "2238"]
[PlyCount "86"]

1. e4 d5 2. exd5 Qxd5 3. Nc3 Qa5 4. d4 Nf6 5. Nf3 Bf5 6. Ne5 c6 7. Nc4 Qd8 8.
g3 e6 9. Bg2 Nbd7 10. O-O Nb6 11. Ne5 Qc7 12. a4 a5 13. Nd3 O-O-O 14. Bf4 Bd6
15. Bxd6 Qxd6 16. Ne5 Rhf8 17. Qe2 Kc7 18. Rfd1 Qb4 19. Qf3 Nbd5 20. Nxd5+ cxd5
21. Ra3 Ne4 22. Qe2 f6 23. Bxe4 fxe5 24. Bxf5 Rxf5 25. dxe5 Kb8 26. Rdd3 Rdf8
27. f3 Qxb2 28. Rdc3 Qb6+ 29. Kg2 Qd4 30. Re3 Rc8 31. f4 g5 32. fxg5 Rxg5 33.
Rab3 Qxa4 34. Rec3 Rxc3 35. Rxc3 Qd4 36. Rf3 Qe4 37. Qxe4 dxe4 38. Rf7 h5 39.
Re7 Rxe5 40. Kf2 e3+ 41. Ke2 a4 42. Rd7 b5 43. Rd3 Kc7 0-1

[Event "Championnat de France des Jeunes - Cade"]
[Site "LE GRAND BORNAND"]
[Date "2010.04.15"]
[Round "6.6"]
[White "Grandadam, Nicolas"]
[Black "Youssoupov, Moisse"]
[Result "1-0"]
[WhiteElo "2232"]
[BlackElo "1957"]
[PlyCount "47"]

1. Nf3 Nf6 2. c4 e6 3. Nc3 c5 4. g3 Nc6 5. Bg2 d5 6. cxd5 exd5 7. d4 Be7 8. O-O
O-O 9. dxc5 Bxc5 10. a3 Be6 11. b4 Be7 12. Bb2 h6 13. Rc1 Rc8 14. e3 Bg4 15.
Ne2 Bf5 16. Nfd4 Nxd4 17. Qxd4 Qb6 18. Qxb6 axb6 19. Nf4 Be4 20. f3 Bh7 21.
Bxf6 Bxf6 22. Nxd5 Rxc1 23. Nxf6+ gxf6 24. Rxc1 1-0

[Event "Championnat de France des Jeunes - Cade"]
[Site "LE GRAND BORNAND"]
[Date "2010.04.15"]
[Round "6.7"]
[White "Mahiouz, Oualid"]
[Black "Bouget, Alexandre"]
[Result "0-1"]
[WhiteElo "2059"]
[BlackElo "2173"]
[PlyCount "50"]

1. d4 Nf6 2. c4 g6 3. Nc3 d5 4. cxd5 Nxd5 5. e4 Nxc3 6. bxc3 Bg7 7. Bc4 O-O 8.
Be3 c5 9. Ne2 Nc6 10. Rc1 Qa5 11. Kf1 e6 12. h4 Rd8 13. h5 b5 14. Bb3 Ba6 15.
hxg6 hxg6 16. a3 b4 17. axb4 cxb4 18. Ra1 Bxe2+ 19. Kxe2 Qc7 20. Rc1 bxc3 21.
Rxc3 Qb7 22. Rd3 Nb4 23. Rc3 Qxe4 24. f3 Nd5 25. Rd3 Nf4+ 0-1

[Event "Championnat de France des Jeunes - Cade"]
[Site "LE GRAND BORNAND"]
[Date "2010.04.15"]
[Round "6.8"]
[White "Di Nicolantonio, Lucas"]
[Black "Marcel, Valentin"]
[Result "1/2-1/2"]
[WhiteElo "2215"]
[BlackElo "2008"]
[PlyCount "100"]

1. e4 c5 2. c3 e5 3. Nf3 Nc6 4. Bc4 Be7 5. O-O Nf6 6. d4 cxd4 7. cxd4 Nxe4 8.
dxe5 O-O 9. Re1 Nc5 10. Bf4 Ne6 11. Bg3 a6 12. Nc3 b5 13. Bb3 Bb7 14. Nd5 Na5
15. Nxe7+ Qxe7 16. Bd5 Rfc8 17. Bxb7 Nxb7 18. Qd5 Rc7 19. Rad1 Rac8 20. a3 Na5
21. Nd4 Nxd4 22. Qxd4 Qe6 23. h3 h6 24. Qb4 Nc6 25. Qe4 a5 26. f4 Qb3 27. Kh2
Ne7 28. Rd2 Rc4 29. Re3 Qa4 30. Qb7 R4c7 31. Qf3 Nf5 32. Red3 b4 33. Qe4 Nxg3
34. Rxg3 Qc6 35. Qd4 Qe6 36. f5 Qxf5 37. e6 f6 38. Rf2 Qe5 39. Qxe5 fxe5 40.
Rf7 g5 41. Rxd7 Rxd7 42. exd7 Rd8 43. h4 Rxd7 44. hxg5 h5 45. axb4 axb4 46. Re3
Kg7 47. Rxe5 Rd2 48. Rb5 Rxb2 49. Kg3 Kg6 50. Kf4 Rxg2 1/2-1/2

[Event "Championnat de France des Jeunes - Cade"]
[Site "LE GRAND BORNAND"]
[Date "2010.04.15"]
[Round "6.10"]
[White "Fevre, Mathieu"]
[Black "Billon, Olivier"]
[Result "0-1"]
[WhiteElo "2065"]
[BlackElo "2084"]
[Annotator "Rivier,Sylvain"]
[PlyCount "45"]

1. Nf3 Nf6 2. b3 d6 3. Bb2 e5 4. e3 Be7 5. c4 c6 6. Nc3 Na6 7. Qc2 Bg4 8. a3
Bxf3 9. gxf3 Nc5 10. Rg1 O-O 11. Ne4 Nfxe4 12. fxe4 Bh4 13. d4 exd4 14. O-O-O
Ne6 15. Bh3 c5 16. f4 Bf6 17. Qg2 Qe7 18. Bxe6 fxe6 19. exd4 cxd4 20. Bxd4 e5
21. fxe5 dxe5 22. Bb2 h5 23. h3 {suite illisible} 0-1

[Event "Championnat de France des Jeunes - Cade"]
[Site "TROYES"]
[Date "2010.04.15"]
[Round "6.1"]
[White "Thuret, Marine"]
[Black "Soubirou, Oriane"]
[Result "0-1"]
[WhiteElo "1832"]
[BlackElo "2017"]
[PlyCount "0"]

1. d4 Nf6 2. Nc3 d5 3. Bg5 Bf5 4. f3 a6 5. e4 Be6 6. Bd3 h6 7. Bh4 g5 8. Bf2
Bg7 9. Qd2 Nc6 10. e5 Nd7 11. h4 gxh4 12. f4 Nf8 13. f5 Bc8 14. Qe2 Rg8 15. Qh5
b6 16. e6 Bxe6 17. fxe6 Nxe6 18. O-O-O Bxd4 19. Bxd4 Ncxd4 20. Rf1 Ng5 21. Rxh4
Nde6 22. Nh3 Qd6 23. Kb1 b5 24. Qe2 c6 25. Rxh6 Nxh3 26. gxh3 Nf4 27. Rxd6 Nxe2
28. Rxc6 Nxc3+ 29. Rxc3 Rh8 30. Rh1 Rh4 31. Bf1 Kd7 32. Rg1 Rah8 33. Rcg3 e5
34. Kc1 Ra4 35. a3 Rah4 36. Rd3 Ke6 37. Be2 R8h6 38. Rg8 d4 39. Ra8 Kd5 40. Bg4
Rd6 41. c3 Ke4 42. Kd2 f5 43. Bf3+ Kf4 44. Bg2 dxc3+ 45. bxc3 Rxd3+ 46. Kxd3
Kg3 47. Rg8+ Kf2 48. Rg5 e4+ 49. Bxe4 fxe4+ 50. Kc2 Rf4 51. Re5 Ke3 52. Re6
Rf2+ 53. Kd1 Rd2+ 54. Kc1 Rd5 55. Kc2 Kf3 56. Rf6+ Ke2 57. Rf4 e3 58. h4 Ke1
59. Rf3 e2 60. Rf4 a5 61. Rf3 Rd2+ 62. Kc1 Ra2 63. h5 Ra1+ 64. Kc2 Rd1 65. Rf5
Rd2+ 66. Kc1 Rd3 67. Kc2 Rd6 68. Kc1 Rc6 69. Kb2 Kd2 70. Rd5+ Ke3 71. Re5+ Kf3
72. Kb3 a4+ 73. Kc2 Rd6 74. h6 Rxh6 75. Rf5+ Ke4 76. Rf8 Ke3 77. Re8+ Kf2 78.
Rf8+ Ke1 79. Rf5 Rd6 80. Kc1 Rd1+ 81. Kc2 Ra1 82. Kb2 Rd1 83. Kc2 Rd2+ 84. Kc1
Ra2 85. Rxb5 Rxa3 86. Kc2 Ra2+ 87. Kb1 Rd2 88. Rf5 Kd1 0-1

[Event "Championnat de France des Jeunes - Cade"]
[Site "TROYES"]
[Date "2010.04.15"]
[Round "6.2"]
[White "Copin, Oceane"]
[Black "Armas, Lena"]
[Result "1-0"]
[WhiteElo "1871"]
[BlackElo "1816"]
[PlyCount "51"]

1. e4 d5 2. exd5 Qxd5 3. Nc3 Qd6 4. d4 Nf6 5. Nf3 a6 6. Be2 e6 7. Be3 Be7 8.
Qd2 O-O 9. O-O b6 10. Bf4 Qd8 11. Rad1 Bb7 12. Ne5 Nbd7 13. Qe3 c5 14. Qg3 Kh8
15. dxc5 Bxc5 16. Bg5 Qc8 17. Nc4 Ne8 18. Qh4 Ndf6 19. Rd3 Ng8 20. Ne5 Bd6 21.
Rh3 h6 22. Ng4 Be7 23. Bxe7 Nxe7 24. Qxe7 Kg8 25. Nxh6+ gxh6 26. Rg3+ 1-0

[Event "Championnat de France des Jeunes - Cade"]
[Site "TROYES"]
[Date "2010.04.15"]
[Round "6.3"]
[White "De Seroux, Camille"]
[Black "Muller, Marion"]
[Result "1-0"]
[WhiteElo "2019"]
[BlackElo "1943"]
[PlyCount "65"]

1. e4 c6 2. d4 d5 3. Nc3 dxe4 4. Nxe4 Bf5 5. Ng3 Bg6 6. h4 h6 7. Nf3 Nd7 8. h5
Bh7 9. Bd3 Bxd3 10. Qxd3 Qc7 11. Bd2 Ngf6 12. O-O-O e6 13. Ne4 O-O-O 14. Kb1 c5
15. Nc3 cxd4 16. Nb5 Qc5 17. b4 Qd5 18. Nxa7+ Kb8 19. Nb5 e5 20. Nfxd4 exd4 21.
Bf4+ Ne5 22. Qxd4 Qxb5 23. Qxd8+ Ka7 24. Qd4+ b6 25. Bxe5 Bxb4 26. Qb2 Nd5 27.
a3 f6 28. Bd4 Rc8 29. axb4 Rc4 30. Rh3 Nxb4 31. Rc3 Qxh5 32. Rxc4 Qxd1+ 33. Qc1
1-0